| 000 | 00424cam a2200181ua 4500 | ||
|---|---|---|---|
| 020 | _c12.50 | ||
| 041 |
_aeng _h |
||
| 082 |
_a621.3 _bGOE/EL |
||
| 100 | _aGoel, R.C . | ||
| 245 |
_aElectrical engineering / _cR.C Goel. _hTextual Documents |
||
| 250 |
_a3 / _b. |
||
| 260 |
_aAllahabad : _bSaroj Prakashan , _c1973. |
||
| 300 | _a330 ; . | ||
| 365 | _a12.50 | ||
| 504 | _a | ||
| 942 | _cBK | ||
| 999 |
_c6019 _d6019 |
||